000 00530nam a2200193Ia 4500
003 GCL
008 140319s9999 xx 000 0 ara d
040 _aGCL /
_cGCL
082 0 4 _a813.02
_bف ح
100 1 _aفكرى اباظة
245 1 0 _aحواديت /
_cفكرى اباظة
300 _a176 ص
490 _a100 قصة
_v0
650 0 4 _aالادب العربى
650 0 4 _aالقصص القصيرة
650 0 4 _aالقصة القصيرة
650 0 4 _aالقصة العربية القصيرة
942 _2ddc
_cBK
999 _c45784
_d45784